000 00710nam a22002057a 4500
003 OSt
005 20251128091233.0
008 251128b |||||||| |||| 00| 0 eng d
020 _a13: 978-1-133-58215-1
040 _aDWC-Main lib.
_cOC
082 _2Eight edition.
_aCirc. 338.5 T892m 2014
100 _aTucker, Irvin B.
245 _aMicroeconomics for today/
_cIrvin B. Tucker
260 _aAustralia :
_bSouth-Wester, Cengage Learning,
_cc2014.
300 _axxxi, 525 pages :
_bcolor illustrations ;
_c25 cm.
504 _aIncludes glossary.
650 _a1. Mircoeconomics. I. United States--Economic conditions--2009.
760 _bEight edition.
942 _2ddc
_cBK-CIRC
_eEight edition.
_kCirc.
_n0
999 _c6541
_d6541